| 000 | 00734nam0a22002291 4500 | ||
|---|---|---|---|
| 001 | rc\2580258 | ||
| 005 | 20250623115703.0 | ||
| 035 | _a(NLR Aleph) 006744750 | ||
| 090 |
_a5681941 _c5681941 |
||
| 100 | _a20110914d1928 |||y0rusy50 ca | ||
| 101 | 0 | _arus | |
| 102 | _aRU | ||
| 105 | _ab z |||c| | ||
| 200 | 1 |
_aВодное хозяйство С.С.Р. Грузии _eОчерк с приложением 3 карт _fА. Я. Камараули |
|
| 210 |
_aТифлис _cОтд. типографии Штаба К.К.А. _d1928 |
||
| 215 |
_a128 с., 3 л. карт. _d28 см. |
||
| 700 | 1 |
_aКамараули _bА.Я. |
|
| 801 | 0 |
_aRU _bNLR _gpsbo |
|
| 801 | 1 |
_aRU _bELAR _2rusmarc |
|
| 852 |
_aNLR _j71/200 |
||
| 942 | _cBOOK | ||
| 980 | _aNB | ||